Normal view
MARC view
- Amjad Saeed
Entry Personal Name
001 - CONTROL NUMBER
- control field: 47871
003 - CONTROL NUMBER IDENTIFIER
- control field: NUST
005 - DATE AND TIME OF LATEST TRANSACTION
- control field: 20210314133925.0
008 - FIXED-LENGTH DATA ELEMENTS
- fixed length control field: 210314|| aca||aabn | a|a d
040 ## - CATALOGING SOURCE
- Original cataloging agency: NUST
- Transcribing agency: NUST
100 ## - HEADING--PERSONAL NAME
- Personal name: Amjad Saeed
670 ## - SOURCE DATA FOUND
- Source citation: Work cat.: (NUST): Amjad Saeed, Highway projects Nowshera - Charsadda by pass, 17-4-2000.
